Underwater observation using sonar
Salvato in:
| Autore principale: | |
|---|---|
| Natura: | Libro |
| Lingua: | inglese |
| Pubblicazione: |
Londres
Fishing News Books
1966
|
| Soggetti: | |
| Tags: |
Aggiungi Tag
Nessun Tag, puoi essere il primo ad aggiungerne!!
|
MARC
| LEADER | 00000nam a2200000 a 4500 | ||
|---|---|---|---|
| 001 | UCX7555 | ||
| 003 | CL-VaPUC | ||
| 008 | 931215e19660000UK |||||||||||||||||eng|d | ||
| 082 | 0 | 4 | |a 623.893 |b TUC |2 21 |
| 100 | 0 | |a Tucker, D. G |e author |9 324435 | |
| 245 | 1 | 0 | |a Underwater observation using sonar |
| 300 | |a 144 p | ||
| 942 | |c BK | ||
| 945 | |d 19931215 00:00:00 |a mfernand | ||
| 260 | |a Londres |b Fishing News Books |c 1966 | ||
| 650 | 7 | |a SONAR |2 CL-VaPUC |9 324436 | |
| 650 | 0 | |a Navegación |9 255384 | |
| 650 | 0 | |a Acústica subacuática |9 261795 | |
| 650 | 7 | |a SONDEO ACUATICO EN PESCA |2 CL-VaPUC |9 324437 | |
| 583 | |a last modification |c 19931215 00:00:00 |k Rodrigo Vera | ||
| 999 | |c 227352 |d 227350 | ||
| 952 | |0 0 |1 0 |2 ddc |4 0 |6 623_893000000000000_TUC_1966 |7 0 |8 CCM |9 226304 |a BIBCUR |b BIBCUR |c PAC |d 2019-11-15 |i 2949148 |o 623.893 TUC 1966 |p 2949148 |r 2025-04-22 |w 2019-11-15 |y BK |k CIM | ||
| 952 | |0 0 |1 0 |2 ddc |4 0 |6 623_893000000000000_TUC_1966 |7 0 |8 CCM |9 226305 |a BIBCUR |b BIBCUR |c PAC |d 2019-11-15 |i 2949156 |o 623.893 TUC 1966 |p 2949156 |r 2025-04-22 |w 2019-11-15 |y BK |k CIM | ||
| 952 | |0 0 |1 0 |4 0 |6 623_893000000000000_TUC_1966 |7 0 |8 A |9 226306 |a BIBING |b BIBING |d 2019-11-15 |i 1725904 |o 623.893 TUC 1966 |p 1725904 |r 2025-01-20 |w 2019-11-15 |y BK |k ING | ||